| 000 | 00812nam a2200253Ia 4500 | ||
|---|---|---|---|
| 003 | OSt | ||
| 005 | 20220925194947.0 | ||
| 006 | a|||||r|||| 00| 0 | ||
| 007 | ta | ||
| 008 | 220923b |||||||| |||| 00| 0 eng d | ||
| 037 | _cGeneral Book | ||
| 040 |
_aRTL _cRTL _beng |
||
| 041 |
_2eng _aeng |
||
| 082 | _aX:991.237.N68, K8.1-2 | ||
| 110 | _aHaryana Government of... Economic and Statistical Organisation | ||
| 245 | 0 | _aState fact book on manpower 2pt | |
| 260 |
_aChandigarh _bGovt Press India _c1968 |
||
| 300 |
_a78p.; 167p. _ccm. |
||
| 490 | _aIt's Publication.21.22 | ||
| 650 | _aLabour Market Economics - India | ||
| 700 | _aHaryana Government of... Economic and Statistical Organisation | ||
| 942 |
_hX:991.237.N68, K8.1-2 _cGB _2CC |
||
| 999 |
_c531357 _d531357 |
||